Ireland Six Nations Squad 2020 - Statistics

General Stats
  • This quiz has been taken 9 times
  • The average score is 17 of 34
Answer Stats
Positon Player Caps Points Club Apps Points % Correct
Prop Cian Healy 101 30 Munster 5 5
100%
Prop Tadhg Furlong 44 25 Leinster 3 5
100%
Back-Row CJ Stander 43 55 Munster 5 5
88%
Scrum-Half Conor Murray 84 95 Munster 5 0
88%
Hooker Rob Herring 13 5 Ulster 5 0
88%
Hooker Ronan Kelleher 4 0 Leinster 2 0
88%
Centre Garry Ringrose 30 42 Leinster 1 0
75%
Lock James Ryan 29 15 Leinster 5 0
75%
Back-Row Josh van der Flier 27 10 Leinster 3 5
75%
Prop Andrew Porter 29 5 Leinster 5 5
63%
Centre Bundee Aki 28 25 Connacht 5 5
63%
Prop Finlay Bealham 12 0 Connacht 2 0
63%
Winger Keith Earls 85 150 Munster 2 0
63%
Centre Robbie Henshaw 46 35 Leinster 5 10
63%
Back-Row Caelin Doris 5 0 Leinster 4 0
50%
Winger Hugo Keenan 3 10 Leinster 2 10
50%
Lock Iain Henderson 55 25 Ulster 2 0
50%
Winger Jacob Stockdale 30 85 Ulster 5 5
50%
Fly-Half Jonathan Sexton 94 850 Leinster 5 53
50%
Back-Row Peter O'Mahoney 70 10 Munster 5 0
50%
Lock Tadhg Beirne 16 15 Munster 2 0
50%
Full-Back Jordan Larmour 24 35 Leinster 3 5
38%
Winger Andrew Conway 24 50 Munster 5 5
25%
Centre Chris Farrell 11 0 Munster 1 0
25%
Prop Dave Kilcoyne 39 5 Munster 3 0
25%
Lock Devin Toner 70 10 Leinster 3 0
25%
Scrum-Half Jameson Gibson-Park 3 0 Leinster 2 0
25%
Fly-Half Ross Byrne 8 15 Leinster 5 4
25%
Hooker Dave Heffernan 4 5 Connacht 2 5
13%
Prop Ed Byrne 3 0 Leinster 2 0
13%
Scrum-Half John Cooney 11 7 Ulster 3 2
13%
Lock Ultan Dillane 17 5 Connacht 3 0
13%
Back-Row Will Connors 3 5 Leinster 3 5
13%
Back-Row Max Deegan 1 0 Leinster 1 0
0%
No matching quizzes found
Score Distribution
Percent of People with Each Score
Percentile by Number Answered
Your Score History
You have not taken this quiz